Multivariate data analysis (Record no. 13331)
[ view plain ]
| 000 -LEADER | |
|---|---|
| fixed length control field | 00384nam a2200157 4500 |
| 020 ## - INTERNATIONAL STANDARD BOOK NUMBER | |
| ISBN | 0471170607 |
| 040 ## - CATALOGING SOURCE | |
| Transcribing agency | DLC |
| 082 00 - DEWEY DECIMAL CLASSIFICATION NUMBER | |
| Classification number | 519 WIL 1971 A026 Or. |
| 100 1# - MAIN ENTRY--AUTHOR NAME | |
| Personal name | Cooley, William W. |
| 245 10 - TITLE STATEMENT | |
| Title | Multivariate data analysis |
| 260 ## - PUBLICATION, DISTRIBUTION, ETC. (IMPRINT) | |
| Place of publication | New York, |
| Name of publisher | Wiley |
| Year of publication | [1971] |
| 300 ## - PHYSICAL DESCRIPTION | |
| Number of Pages | x, 364 p. |
| Dimensions | 24 cm. |
| 650 #0 - SUBJECT ADDED ENTRY--TOPICAL TERM | |
| Topical Term | Multivariate analysis. |
| 700 1# - ADDED ENTRY--PERSONAL NAME | |
| Personal name | Lohnes, Paul R., |
| 942 ## - ADDED ENTRY ELEMENTS (KOHA) | |
| Koha item type | សៀវភៅភាសាអង់គ្លេស |
| 952 ## - LOCATION AND ITEM INFORMATION (KOHA) | |
| Withdrawn status [LOCAL, KOHA] | 0 |
| Permanent Location | Date acquired | Koha item type | Lost status | Shelving location | Barcode | Current Location | Full call number |
|---|---|---|---|---|---|---|---|
| Library Block A | 2017-08-23 | សៀវភៅភាសាអង់គ្លេស | A026 | A22642 | Library Block A | 519 WIL 1971 A026 Or. |